| 000 | 00786nam a22002295a 4500 | ||
|---|---|---|---|
| 999 |
_c27366 _d27337 |
||
| 005 | 20190508103441.0 | ||
| 008 | 190410s2019 ii fr 001 0 eng d | ||
| 020 | _a9789352705399 | ||
| 040 |
_aEG-ScBUE _beng _cEG-ScBUE _dEG-ScBUE |
||
| 082 | 0 | 4 |
_a610.73076 _bGHO _222 |
| 100 | 1 | _aGhosh, Srinanda. | |
| 245 | 1 | 0 |
_aMCQs in medical surgical nursing : _bwith explanatory answers / _cSrinanda Ghosh. |
| 250 | _a2nd ed. | ||
| 260 |
_aNew Delhi : _bJaypee Brothers Medical Publishers, _c2019. |
||
| 300 |
_a296 p. ; _c24 cm. |
||
| 650 | 7 |
_aNursing _vExaminations, questions, etc. _2BUEsh _94858 |
|
| 650 | 7 |
_aSurgical nursing _vExaminations, questions, etc. _2BUEsh |
|
| 650 | 7 |
_aMedicine _vExaminations, questions, etc. _2BUEsh |
|
| 651 | _2BUEsh | ||
| 653 |
_bNNUR _cApril2019 |
||
| 942 | _2ddc | ||